<?xml version="1.0" encoding="UTF-8"?>
<record
    xmlns:xsi="http://www.w3.org/2001/XMLSchema-instance"
    xsi:schemaLocation="http://www.loc.gov/MARC21/slim http://www.loc.gov/standards/marcxml/schema/MARC21slim.xsd"
    xmlns="http://www.loc.gov/MARC21/slim">

  <leader>01373nam0a22002771  4500</leader>
  <controlfield tag="001">rc\4897836</controlfield>
  <controlfield tag="005">20260406074430.0</controlfield>
  <datafield tag="021" ind1=" " ind2=" ">
    <subfield code="a">RU</subfield>
    <subfield code="b">[61-11451]</subfield>
  </datafield>
  <datafield tag="035" ind1=" " ind2=" ">
    <subfield code="a">(NLR Aleph) 008832584</subfield>
  </datafield>
  <datafield tag="090" ind1=" " ind2=" ">
    <subfield code="a">8291873</subfield>
    <subfield code="c">8291873</subfield>
  </datafield>
  <datafield tag="100" ind1=" " ind2=" ">
    <subfield code="a">20130426d1961    |||y0rusy50      ca</subfield>
  </datafield>
  <datafield tag="101" ind1="0" ind2=" ">
    <subfield code="a">rus</subfield>
  </datafield>
  <datafield tag="102" ind1=" " ind2=" ">
    <subfield code="a">RU</subfield>
  </datafield>
  <datafield tag="105" ind1=" " ind2=" ">
    <subfield code="a">a   z   |||a|</subfield>
  </datafield>
  <datafield tag="200" ind1="1" ind2=" ">
    <subfield code="a">&#x427;&#x435;&#x442;&#x432;&#x435;&#x440;&#x43E; &#x43D;&#x430; &#x41D;&#x438;&#x436;&#x43D;&#x435;&#x439; &#x422;&#x443;&#x43D;&#x433;&#x443;&#x441;&#x43A;&#x435;</subfield>
    <subfield code="e">&#x41F;&#x43E;&#x432;&#x435;&#x441;&#x442;&#x44C; &#x438; &#x440;&#x430;&#x441;&#x441;&#x43A;&#x430;&#x437;&#x44B;</subfield>
    <subfield code="f">[&#x418;&#x43B;.: &#x41C;.&#x415;. &#x41D;&#x43E;&#x432;&#x438;&#x43A;&#x43E;&#x432;]</subfield>
  </datafield>
  <datafield tag="210" ind1=" " ind2=" ">
    <subfield code="a">&#x41B;&#x435;&#x43D;&#x438;&#x43D;&#x433;&#x440;&#x430;&#x434;</subfield>
    <subfield code="c">&#x421;&#x43E;&#x432;. &#x43F;&#x438;&#x441;&#x430;&#x442;&#x435;&#x43B;&#x44C;. [&#x41B;&#x435;&#x43D;&#x438;&#x43D;&#x433;&#x440;. &#x43E;&#x442;&#x434;-&#x43D;&#x438;&#x435;]</subfield>
    <subfield code="d">1961</subfield>
  </datafield>
  <datafield tag="215" ind1=" " ind2=" ">
    <subfield code="a">171 &#x441;.</subfield>
    <subfield code="c">&#x438;&#x43B;.</subfield>
    <subfield code="d">17</subfield>
  </datafield>
  <datafield tag="327" ind1="1" ind2=" ">
    <subfield code="a">&#x421;&#x43E;&#x434;&#x435;&#x440;&#x436;.: &#x427;&#x435;&#x442;&#x432;&#x435;&#x440;&#x43E; &#x43D;&#x430; &#x41D;&#x438;&#x436;&#x43D;&#x435;&#x439; &#x422;&#x443;&#x43D;&#x433;&#x443;&#x441;&#x43A;&#x435;: (&#x41F;&#x43E;&#x432;&#x435;&#x441;&#x442;&#x44C;); &#x41F;&#x443;&#x442;&#x435;&#x448;&#x435;&#x441;&#x442;&#x432;&#x438;&#x435; &#x437;&#x430; &#x441;&#x435;&#x43D;&#x43E;&#x43C;; &#x427;&#x435;&#x440;&#x435;&#x437; &#x433;&#x43E;&#x434;; &#x415;&#x441;&#x43B;&#x438; &#x43D;&#x435; &#x432;&#x435;&#x440;&#x438;&#x442;&#x44C;; &#x41A;&#x43B;&#x44E;&#x447; &#x43E;&#x442; &#x43A;&#x43E;&#x43C;&#x43D;&#x430;&#x442;&#x44B;; &#x41F;&#x440;&#x43E;&#x441;&#x442;&#x44B;&#x435; &#x432;&#x435;&#x449;&#x438;</subfield>
  </datafield>
  <datafield tag="464" ind1=" " ind2="0">
    <subfield code="1">2001#$a&#x427;&#x435;&#x442;&#x432;&#x435;&#x440;&#x43E; &#x43D;&#x430; &#x41D;&#x438;&#x436;&#x43D;&#x435;&#x439; &#x422;&#x443;&#x43D;&#x433;&#x443;&#x441;&#x43A;&#x435;$e(&#x41F;&#x43E;&#x432;&#x435;&#x441;&#x442;&#x44C;)$a&#x41F;&#x443;&#x442;&#x435;&#x448;&#x435;&#x441;&#x442;&#x432;&#x438;&#x435; &#x437;&#x430; &#x441;&#x435;&#x43D;&#x43E;&#x43C;$a&#x427;&#x435;&#x440;&#x435;&#x437; &#x433;&#x43E;&#x434;$a&#x415;&#x441;&#x43B;&#x438; &#x43D;&#x435; &#x432;&#x435;&#x440;&#x438;&#x442;&#x44C;$a&#x41A;&#x43B;&#x44E;&#x447; &#x43E;&#x442; &#x43A;&#x43E;&#x43C;&#x43D;&#x430;&#x442;&#x44B;$a&#x41F;&#x440;&#x43E;&#x441;&#x442;&#x44B;&#x435; &#x432;&#x435;&#x449;&#x438;</subfield>
    <subfield code="t">&#x41F;&#x440;&#x43E;&#x441;&#x442;&#x44B;&#x435; &#x432;&#x435;&#x449;&#x438;</subfield>
  </datafield>
  <datafield tag="700" ind1=" " ind2="1">
    <subfield code="a">&#x422;&#x445;&#x43E;&#x440;&#x436;&#x435;&#x432;&#x441;&#x43A;&#x438;&#x439;</subfield>
    <subfield code="b">&#x421;.&#x421;.</subfield>
    <subfield code="f">1927-2011</subfield>
    <subfield code="g">&#x421;&#x435;&#x440;&#x433;&#x435;&#x439; &#x421;&#x435;&#x440;&#x433;&#x435;&#x435;&#x432;&#x438;&#x447;</subfield>
    <subfield code="3">RU\NLR\AUTH\770147365</subfield>
    <subfield code="9">147329</subfield>
  </datafield>
  <datafield tag="702" ind1=" " ind2="1">
    <subfield code="a">&#x41D;&#x43E;&#x432;&#x438;&#x43A;&#x43E;&#x432;</subfield>
    <subfield code="b">&#x41C;.&#x415;.</subfield>
    <subfield code="4">440</subfield>
  </datafield>
  <datafield tag="801" ind1=" " ind2="0">
    <subfield code="a">RU</subfield>
    <subfield code="b">NLR</subfield>
    <subfield code="g">psbo</subfield>
  </datafield>
  <datafield tag="801" ind1=" " ind2="1">
    <subfield code="a">RU</subfield>
    <subfield code="b">ELAR</subfield>
    <subfield code="2">rusmarc</subfield>
  </datafield>
  <datafield tag="852" ind1=" " ind2=" ">
    <subfield code="a">NLR</subfield>
    <subfield code="j">61-2/602</subfield>
  </datafield>
  <datafield tag="942" ind1=" " ind2=" ">
    <subfield code="c">BOOK</subfield>
  </datafield>
  <datafield tag="980" ind1=" " ind2=" ">
    <subfield code="a">NB</subfield>
  </datafield>
  <datafield tag="995" ind1=" " ind2=" ">
    <subfield code="5">2013-10-26</subfield>
    <subfield code="b">NLR01</subfield>
    <subfield code="c">NLR01</subfield>
    <subfield code="e">RF31</subfield>
    <subfield code="f">8832584-10</subfield>
    <subfield code="k">61-2/602</subfield>
    <subfield code="o">0</subfield>
    <subfield code="r">BOOK</subfield>
    <subfield code="s">612602_</subfield>
  </datafield>
</record>
